| 000 | 00362nam a2200133Ia 4500 | ||
|---|---|---|---|
| 008 | 180424s9999 xx 000 0 und d | ||
| 040 | _aPK-NaQUE | ||
| 100 | _a09ME113 | ||
| 100 | _aImdad Ali Memon | ||
| 245 | 0 | _aCombution Charateristics of Their Coal Using CWS Techiniques | |
| 260 | _c2009 | ||
| 300 | _a85 | ||
| 700 | _aDepartment of Mechanical Engineering | ||
| 999 |
_c58555 _d58552 |
||